| 000 | 00977nac a22002291u 4500 | ||
|---|---|---|---|
| 010 | _a2003066218 | ||
| 020 | _a0387202862 (alk. paper) | ||
| 082 | 0 | 0 |
_a332.0151955 _bC2879 |
| 090 |
_c1283 _d1283 |
||
| 100 | _aCarmona, R. | ||
| 245 | 1 | 0 |
_aStatistical analysis of financial data in S-PLUS / _cRene A. Carmona. |
| 260 |
_aNew York : _bSpringer, _cc2004. |
||
| 300 |
_axvi, 451 p. : _bill. ; _c24 cm. |
||
| 440 | 0 | _aSpringer texts in statistics | |
| 500 | _aBased on the author's lecture notes for a course at Princeton University. | ||
| 504 | _aIncludes bibliographical references (p. 429-432) and indexes. | ||
| 650 | 0 |
_aFinance _xMathematical models. |
|
| 650 | 0 |
_aFinance _xEconometric models. |
|
| 856 | 4 | 1 |
_3Table of contents _uhttp://www.loc.gov/catdir/toc/fy044/2003066218.html |
| 942 |
_cBB _k332.0151955C2879 |
||
| 999 |
_c1283 _d1283 |
||